00819cam a2200217 a 4500999001500000001000500015003000900020005001700029008004100046020001400087040003800101082001900139100002000158245017200178250001300350260004100363300003000404650003800434942001200472952011700484 c1128d11288263BD-DhUAP20200203104141.0200203s1988 ohu d 000 0 eng  a06841842X aBD-DhUAPcBD-DhUAPdBD-DhUAPbEng00a340.73 GIL223 aGilmer, Wesley.04aThe law dictionary :bpronouncing edition : a dictionary of legal words and phrases with Latin and French maxims of the law, translated and explained /cWesley Gilmer. a6th ed.  aCincinnati :bAnderson Pub.,cc1988. axiii, 426 pages ;c22 cm. 0aLawzUnited StatesxDictionaries. 2ddccBK 00102ddc4070aUAPCLbUAPCLcGeneral Stacksd2020-02-03o340.73 GILp3010008263r2020-02-03t1w2020-02-03yBK